| 000 | 00563nam a2200217Ia 4500 | ||
|---|---|---|---|
| 005 | 20250508150619.0 | ||
| 008 | 008 250505s9999 xx 000 0 hin d | ||
| 037 | _aTextual | ||
| 040 |
_aFEDL _beng _cFEDL |
||
| 041 |
_ahin _2hin |
||
| 084 |
_a407, CHA _qFEDL |
||
| 100 |
_aChaturvadi Sitaram _9757198 |
||
| 245 | 0 | _aBhasaki shiksha | |
| 250 | _a2 | ||
| 260 |
_aBanaras, India _bHindi-Sahitya-kutir _c2003 |
||
| 300 | _a293p | ||
| 365 |
_aINR _b2.5 |
||
| 650 | _aLanguage -Teaching | ||
| 942 |
_cTEXL _h407, CHA |
||
| 999 |
_c1324589 _d1324589 |
||